| 000 | 00623nam a2200193 i 4500 | ||
|---|---|---|---|
| 001 | 141881 | ||
| 003 | ES-MaACL | ||
| 005 | 20231207063032.0 | ||
| 007 | t| | ||
| 008 | 070928s1925 ag ||||1| spa d | ||
| 100 | 1 |
_aViñas y Mey, Carmelo _9115384 |
|
| 245 | 1 | 3 |
_aEl régimen de la tierra en la colonización española / _cCarmelo Viñas y Mey. |
| 260 |
_aBuenos Aires : _b[s.n.], _c1925 ( _fImp. "Coni") |
||
| 300 |
_a58 p. ; _c28 cm. |
||
| 500 | _aDe Humanidades tomo X. pág. 71 a 112. | ||
| 651 | 4 |
_aAmérica española- _xColonización. _97721 |
|
| 852 |
_aES-MaACL _j1695-F-9 |
||
| 999 |
_c141881 _d141881 |
||